000 00262nam a2200109Ia 4500
008 220204s9999 xx 000 0 und d
082 _a579.262
_bSOC
245 0 _aSymbiosis
260 _aCambridge
_bCambridge University
_c1975
650 _aSymbiosis
942 _cBK
999 _c27082
_d27082